Justin Wytmar
Illinois A
Categories
1 | 5 | 0 | 1 | 65 | 60 | 97.50 | 0 | 5 | |
History - World History | 2 | 4 | 3 | 1 | 55 | 49 | 86.50 | 2 | 6 |
Fine Arts - Visual Fine Arts | 3 | 1 | 2 | 0 | 45 | 15 | 38.50 | 3 | 4 |
History - American History | 2 | 2 | 3 | 0 | 35 | 29 | 66.75 | 3 | 3 |
Other Arts: Auditory | 1 | 1 | 0 | 0 | 25 | 46 | 69.00 | 1 | 1 |
History - European History | 0 | 3 | 1 | 2 | 25 | 98 | 119.33 | 0 | 1 |
Fine Arts - Auditory Fine Arts | 2 | 0 | 1 | 0 | 25 | 40 | 63.50 | 2 | 2 |
Other Arts: Visual | 1 | 1 | 0 | 1 | 25 | 37 | 83.50 | 1 | 2 |
Geography | 0 | 2 | 0 | 0 | 20 | 85 | 99.00 | 0 | 2 |
Social Science | 1 | 0 | 0 | 0 | 15 | 58 | 58.00 | 1 | 1 |
Beliefs | 1 | 0 | 0 | 0 | 15 | 42 | 42.00 | 0 | 1 |
Current Events | 0 | 1 | 0 | 1 | 10 | 118 | 118.00 | 0 | 1 |
Literature - British Literature | 0 | 1 | 1 | 0 | 5 | 137 | 137.00 | 0 | 1 |
Other Academic | 0 | 0 | 1 | 0 | -5 | 0.00 | 0 | 0 |